| 000 | 00730nam a2200205 u 4500 | ||
|---|---|---|---|
| 003 | AM-YeHGA | ||
| 040 | _aAM-YeHGA | ||
| 090 | _c510679 | ||
| 001 | 000250656 | ||
| 005 | 20250618075904.0 | ||
| 008 | 030728s1953 ai r 000 0 arm d | ||
| 041 | 0 | _aarm | |
| 100 | 1 |
_aԲորյան, Գուրգեն Միքայելի, _d1915-1971 _92541 |
|
| 245 | 1 | 0 |
_aՀատընտիր : _b[Բանաստեղծություններ] / _cԳ. Բորյան; Խմբ.՝ Ս. Տարոնցի. |
| 260 |
_aԵրևան : _bՀայպետհրատ, _c1953. |
||
| 300 |
_a214 էջ : _bնկ. ; _c18 սմ. |
||
| 650 | 1 | 4 |
_aՀայ գրականություն _xՉափածո |
| 700 | 1 |
_aՏարոնցի, Սողոմոն, _d1905-1971 _eխմբ. _4edt _91707 |
|
| 942 |
_2udc _cBK |
||
| 999 |
_c507253 _d507253 |
||